000 01274nam0a22003251 4500
001 rc\2140141
005 20110826153857.3
035 _a(NLR Aleph) 006526701
090 _a6489129
_c6489129
100 _a20110826d1979 |||y0rusy50 ca
101 0 _arus
102 _aRU
105 _aa z |||a|
200 1 _aПовесть о верности
_eДокум. повесть
_e[О В.В. Козиной
_eДля ст. возраста]
_fЕлена Криштоф
210 _aМосква
_cДет. лит.
_d1979
215 _a142 с.
_cил.
_d22
225 1 _aГерои нашего времени
606 _aГерои Социалистического Труда в сельском хозяйстве (д. л.)
_yКрымская область
_2psbo
606 _aПтицеводство (д. л.)
_yКрымская область
_2psbo
686 _aШ9(2)6=Р72-54
_2rubbk
686 _a46.8
_2rubbk
700 1 _aКриштоф
_bЕ. Г.
_f1925-
_gЕлена Георгиевна
702 1 _aКозина
_bВ. В.
_gВалентина Викентьевна
_4570
801 0 _aRU
_bNLR
_gpsbo
801 1 _aRU
_bELAR
_2rusmarc
852 _aNLR
_j79-5/6021
899 _aRuMoRGB
_jM 79-10/928
899 _aRuMoRGB
_jM 79-10/929
942 _cBOOK
980 _aNB